| 000 | 00390cam a22001217a 4500 | ||
|---|---|---|---|
| 008 | 180718b1951 xxu||||| |||| 00| 0 eng d | ||
| 082 | _aI944x73 C785 | ||
| 100 | _aCooper, Frank E. | ||
| 245 |
_aAdministrative agencies and the courts _cby Frank E. Cooper |
||
| 260 |
_aAnn Arbor _bUniversity of Michigan Law School _c1951 |
||
| 300 | _axxv, 470p | ||
| 650 | _aAdministrative law --United States | ||
| 999 |
_c429881 _d429881 |
||